000 00315nam a22001337a 4500
008 190304b xxu||||| |||| 00| 0 eng d
020 _a9781555810702
041 _aeng
080 _a573
100 _a11
101 _aBIO
245 _aBacterial Pathogenesis a Molecular approach
_cSalyers,A.A
942 _2udc
_cBK
999 _c54391
_d54391